Comercio Exterior 1983

Guardado en:
Detalles Bibliográficos
Formato: Libro
Lenguaje:español
Publicado: Buenos Aires Instituto Nacional de Estadistica y Censos 1983
Etiquetas: Agregar Etiqueta
Sin Etiquetas, Sea el primero en etiquetar este registro!

MARC

LEADER 00000nam a2200000 4500
001 c041788
005 20221220090510.6
041 0 |a spa 
044 |a AR 
245 1 0 |a Comercio Exterior 1983 
264 1 |a Buenos Aires  |b Instituto Nacional de Estadistica y Censos  |c 1983 
300 |a 5 zv.